[Event "Buenos Aires op"]
[Site "Buenos Aires"]
[Date "2011.11.23"]
[Round "5"]
[White "Quinones, Hector Alejandro"]
[Black "Mangialavori, Gino"]
[Result "1/2-1/2"]
[WhiteElo "1955"]
[BlackElo "1773"]
[PlyCount "73"]
[EventDate "2011.11.11"]
[EventType "swiss"]
[EventRounds "9"]
[EventCountry "ARG"]
[SourceTitle "CBM 145 Extra"]
[Source "ChessBase"]
[SourceDate "2012.01.03"]
[SourceVersion "1"]
[SourceVersionDate "2012.01.03"]
[SourceQuality "1"]

1. e4 e6 2. d4 c5 3. dxc5 Bxc5 4. Qg4 Nf6 5. Qh4 Nc6 6. Nf3 d5 7. exd5 exd5 8. Be2 Bf5 9. c3 Qb6 10. b4 Be7 11. Be3 Qc7 12. Qf4 Qxf4 13. Bxf4 a6 14. 0-0 0-0 15. Nbd2 Ne4 16. Nxe4 dxe4 17. Ne5 Rac8 18. f3 Bf6 19. fxe4 Bxe4 20. Nc4 Bxc3 21. Rac1 Bxb4 22. Bd6 Rfd8 23. Rfd1 h6 24. Nb6 Rxd6 25. Nxc8 Rg6 26. g3 Bf5 27. Nb6 Re6 28. Bf1 Ne5 29. Rd8+ Kh7 30. Nd5 Ba5 31. Rb8 Be4 32. Bg2 Nf3+ 33. Bxf3 Bxf3 34. Nf4 Rf6 35. Rcc8 Rxf4 36. gxf4 Be4 37. a4 1/2-1/2